KOHA-Header-6

The Historic Judgment on Interest (Record no. 12064)

000 -LEADER
fixed length control field 00345nam a22001217a 4500
082 ## - DEWEY DECIMAL CLASSIFICATION NUMBER
Classification number 340.59
100 ## - MAIN ENTRY--AUTHOR NAME
Personal name Mufti Muhammad Taqi Usmani
245 ## - TITLE STATEMENT
Title The Historic Judgment on Interest
Remainder of title Delivered in the Superme Court of Pakistan
260 ## - PUBLICATION, DISTRIBUTION, ETC. (IMPRINT)
Place of publication Karachi
Name of publisher Quranic Studies Publishers
Year of publication 2010
300 ## - PHYSICAL DESCRIPTION
Number of Pages 247 pages
650 ## - SUBJECT ADDED ENTRY--TOPICAL TERM
Topical Term Finance
942 ## - ADDED ENTRY ELEMENTS (KOHA)
Koha item type Books
Holdings
Withdrawn status Lost status Collection code Permanent Location Current Location Shelving location Date acquired Full call number Accession Number Koha item type
    Banking MAJU MAJU Shelf No.A45 2022-11-26 340.59 10563 Books

Powered by Koha